|
|
|
|
| LEADER |
01979cam a2200229 i 4500 |
| 001 |
18971508 |
| 003 |
Ost |
| 005 |
20180411072526.0 |
| 008 |
160211t20162016enka b 001 0 eng |
| 999 |
|
|
|c 11091
|d 11091
|
| 020 |
|
|
|a 9780198733690 (pbk)
|
| 082 |
|
|
|a 346.048
|b WAE'16
|
| 245 |
1 |
0 |
|a Contemporary intellectual property :
|b law and policy /
|c Charlotte Waelde, Abbe Brown, Smita Kheria, Jane Cornwell.
|
| 250 |
|
|
|a 4th ed.
|
| 260 |
|
|
|a Oxford :
|b Oxford University Press,
|c 2016.
|
| 300 |
|
|
|a lxxii, 1054 p.
|b
|c
|
| 504 |
|
|
|a Includes bibliographical references and index.
|
| 505 |
0 |
|
|a Intellectual property law : an introduction -- Copyright 1 : history, rationale and subject matter -- Copyright 2 : first ownership, moral rights and term -- Copyright 3 : economic rights and infringement -- Copyright 4 : exceptions, technical protection measures and contracts -- Rights akin to copyright : datebase right and performers' rights -- Contemporary issues in copyright -- Registered designs -- Unregistered designs -- Patent regimes and the application process -- Patentability and infringement -- Contemporary issues in patent law -- The function of a trade mark and the national, EU, and international regime -- Definition of a trade mark and registration -- Relative ground for refusing registration, infringement and defences -- Cotemporary issues in trade mark law -- Passing off -- Breach of confidence -- Control of information, reputation, and intellectual property -- Free movement of goods and intellectual property rights -- Intellectual property and EU competition law -- Exploitation of intellectual property rights, enforcement and remedies -- Intellectual property and international private law.
|
| 650 |
|
0 |
|a Intellectual property
|z Great Britain.
|
| 700 |
|
|
|a Waelde, Charlotte
|e author.
|9 326
|
| 942 |
|
|
|2 ddc
|c REF
|
| 952 |
|
|
|0 0
|1 0
|2 ddc
|4 0
|6 346_048000000000000_WAE16
|7 0
|8 REF
|9 21509
|a NUALS
|b NUALS
|c REF
|d 2018-04-11
|l 0
|o 346.048 WAE'16
|p 15023
|r 2018-04-11
|w 2018-04-11
|y REF
|